Movies Quiz

Random Movies or Actor Quiz

What Movie? Actors' Last Lines Quiz Stats

 Plays Quiz Updated Sep 10, 2016

Challenge
Share
Tweet
Embed
Score 0/36 Timer 10:00
0 Plays Today
Quotes Movies % Correct
Leonardo DiCaprioTitanic
87.5%
Tom HanksApollo 13
85.2%
Tom HanksToy Story
81.7%
Morgan FreemanThe Shawshank Redemption
77.9%
Kevin SpaceyThe Usual Suspects
76.9%
Matt DamonGood Will Hunting
75.6%
Johnny DeppPirates of the Caribbean: The Curse of the Black Pearl
75%
Bruce WillisDie Hard
72.3%
Ben KingsleyGandhi
63.6%
Kevin SpaceyAmerican Beauty
63.5%
Johnny DeppSweeney Todd: The Demon Barber of Fleet Street
60%
Bruce WillisThe Sixth Sense
55.9%
Morgan FreemanSe7en
49.6%
Brad PittFight Club
48.6%
Tom HanksSaving Private Ryan
44.7%
Al PacinoThe Devil's Advocate
43.3%
Michael CaineThe Dark Knight Rises
42.9%
Brad PittInglourious Basterds
42.3%
Quotes Movies % Correct
Leonardo DiCaprioThe Aviator
42.2%
Robert De NiroCasino
41.9%
Matt DamonRounders
41.2%
Matt DamonThe Bourne Ultimatum
40.1%
Robert De NiroRaging Bull
39.7%
Leonardo DiCaprioShutter Island
37.8%
Michael CaineThe Prestige
32.2%
Bruce WillisSin City
30%
Ben KingsleySchindler's List
29.6%
Brad PittThe Curious Case of Benjamin Button
29%
Michael CaineThe Italian Job
27.8%
Robert De NiroHeat
26.4%
Kevin SpaceyL.A. Confidential
23.9%
Al PacinoInsomnia
16.4%
Al PacinoThe Insider
16.1%
Morgan FreemanMillion Dollar Baby
12.3%
Ben KingsleySexy Beast
12%
Johnny DeppSleepy Hollow
11.2%

You're not logged in!

Compare scores with friends on all Sporcle quizzes.
Join for Free
OR
Log In

You Might Also Like...

Show Comments

Extras

Top Quizzes Today


Score Distribution

Your Account Isn't Verified!

In order to create a playlist on Sporcle, you need to verify the email address you used during registration. Go to your Sporcle Settings to finish the process.

Report this User

Report this user for behavior that violates our Community Guidelines.

Details: